[Event "SF Lieme 1 - SV Weidenau/Geisweid 1"]
[Site "NRW-Klasse - Gruppe 1 2018/20"]
[Date "2019.02.17"]
[Round "6.8"]
[White "Stork, Joachim"]
[Black "Alhaeuser, Jan"]
[Result "1-0"]
[WhiteElo "1957"]
[BlackElo "1336"]
[PlyCount "35"]
[EventDate "2019.??.??"]
[WhiteTeam "SF Lieme 1"]
[BlackTeam "SV Weidenau/Geisweid 1"]

1. f4 d5 2. Nf3 Nf6 3. b3 e6 4. e3 Be7 5. Bb2 c5 6. Bb5+ Bd7 7. Bxd7+ Nbxd7 8.
O-O O-O 9. d3 Qc7 10. Qe1 Rfe8 11. Qg3 Nf8 12. Nbd2 b5 13. Ne5 Red8 14. Ndf3
Rac8 15. Ng5 d4 16. Ngxf7 Re8 17. Nh6+ Kh8 18. Nef7# 1-0

[Event "Schach Nienberge 1 - SG Porz 2"]
[Site "NRW-Klasse - Gruppe 1 2018/20"]
[Date "2019.02.17"]
[Round "6.1"]
[White "Suvorov, Alexander"]
[Black "Gottkehaskamp, Philipp"]
[Result "1-0"]
[WhiteElo "2253"]
[BlackElo "2034"]
[PlyCount "79"]
[EventDate "2019.??.??"]
[WhiteTeam "SG Porz 2"]
[BlackTeam "Schach Nienberge 1"]

1. d4 d5 2. c4 c6 3. Nc3 Nf6 4. e3 a6 5. Nf3 Bf5 6. Bd3 Bxd3 7. Qxd3 e6 8. O-O
Nbd7 9. e4 dxe4 10. Nxe4 Nxe4 11. Qxe4 Nf6 12. Qe2 Be7 13. Bd2 O-O 14. Bc3 Qc7
15. Rad1 Rfe8 16. h3 c5 17. b3 Rad8 18. dxc5 Bxc5 19. b4 Be7 20. a3 Nd7 21. Bb2
Nb6 22. Rc1 Bf6 23. c5 Nd5 24. Be5 Nf4 25. Qe3 Bxe5 26. Nxe5 Nd5 27. Qe2 Nf4
28. Qe3 Nd5 29. Qe4 f5 30. Qe1 Nf4 31. Rc3 Rd5 32. Nc4 Qc6 33. Rf3 g5 34. Nd6
Re7 35. Qa1 Rd3 36. Qf6 Rxf3 37. Qxe7 Ne2+ 38. Kh2 Rxh3+ 39. gxh3 h6 40. Qxe6+
1-0

[Event "Schach Nienberge 1 - SG Porz 2"]
[Site "NRW-Klasse - Gruppe 1 2018/20"]
[Date "2019.02.17"]
[Round "6.3"]
[White "Liard, Thibaud"]
[Black "Ringwelski, Marius"]
[Result "1-0"]
[WhiteElo "2107"]
[BlackElo "1952"]
[PlyCount "81"]
[EventDate "2019.??.??"]
[WhiteTeam "SG Porz 2"]
[BlackTeam "Schach Nienberge 1"]

1. d4 Nf6 2. c4 e6 3. Nc3 Bb4 4. Qc2 d5 5. a3 Bxc3+ 6. Qxc3 O-O 7. Bg5 dxc4 8.
Qxc4 b6 9. Nf3 Ba6 10. Qa4 Qd7 11. Qxd7 Nbxd7 12. g3 c5 13. Bg2 Rac8 14. Rd1
cxd4 15. Nxd4 Rc5 16. Bd2 e5 17. Nc6 e4 18. Nd4 Rc4 19. Bb4 Re8 20. O-O Ne5 21.
Rfe1 g6 22. b3 Rcc8 23. Rc1 Rcd8 24. Bc3 Nd5 25. Bb2 f5 26. f3 Ne3 27. Bh1 exf3
28. Nxf3 Nxf3+ 29. exf3 Rd2 30. Bc3 Rd3 31. f4 Rc8 32. Be5 Rxc1 33. Rxc1 Rxb3
34. a4 Rd3 35. Bf3 Rd2 36. h3 Nc4 37. Bc3 Ra2 38. Bd5+ Kf8 39. Bb4+ Kg7 40.
Bxc4 Bxc4 41. Rxc4 1-0

[Event "Schach Nienberge 1 - SG Porz 2"]
[Site "NRW-Klasse - Gruppe 1 2018/20"]
[Date "2019.02.17"]
[Round "6.4"]
[White "Gottkehaskamp, Stefan"]
[Black "Ramien, David"]
[Result "0-1"]
[WhiteElo "1998"]
[BlackElo "2119"]
[Annotator "Daniel"]
[PlyCount "68"]
[EventDate "2019.??.??"]
[WhiteTeam "Schach Nienberge 1"]
[BlackTeam "SG Porz 2"]

1. d4 Nf6 2. Nf3 g6 3. Bg5 Ne4 4. Bf4 Bg7 5. Nbd2 d5 6. c3 O-O 7. Nxe4 dxe4 8.
Nd2 f5 9. e3 Nc6 10. Qb3+ Kh8 11. O-O-O e5 12. dxe5 Qe7 13. h4 h6 14. f3 Nxe5
15. Bxe5 Qxe5 16. f4 Qc5 17. Re1 a5 18. Qb5 Qe7 19. Bc4 Rf6 20. Qd5 Bd7 21.
Qxb7 Bc6 22. Qb3 a4 23. Qb4 Qe8 24. Qc5 a3 25. b3 Rd6 26. Nb1 Qe7 27. b4 $11
Ba4 28. Bb5 Qe6 29. Bc4 Qd7 30. Be2 Rc6 31. Rd1 Bxd1 32. Rxd1 Qxd1+ 33. Bxd1
Rxc5 34. bxc5 Bf8 0-1

[Event "Schach Nienberge 1 - SG Porz 2"]
[Site "NRW-Klasse - Gruppe 1 2018/20"]
[Date "2019.02.17"]
[Round "6.5"]
[White "Kagan, Dennis"]
[Black "Kemper, Georg"]
[Result "1-0"]
[WhiteElo "1945"]
[BlackElo "1998"]
[Annotator "Daniel"]
[PlyCount "95"]
[EventDate "2019.??.??"]
[WhiteTeam "SG Porz 2"]
[BlackTeam "Schach Nienberge 1"]

1. e4 e6 2. d4 d5 3. e5 c5 4. c3 Nc6 5. Nf3 Nh6 6. a3 cxd4 7. cxd4 Nf5 8. b4
Be7 9. Bb2 a6 10. Bd3 O-O 11. O-O Qb6 12. Qd2 Kh8 13. Bxf5 exf5 14. Nc3 Be6 15.
Rac1 Rfc8 16. Na4 Qd8 17. Rc2 b6 18. Rfc1 Na7 19. Qd3 Rxc2 20. Rxc2 b5 21. Nc5
Nc8 22. Bc1 Nb6 23. Nd2 Nc4 24. Ndb3 Qc8 25. Ra2 Bd7 26. Qf3 Be6 27. Bd2 Qc6
28. Bc3 g5 29. a4 h6 30. Qd1 Nb6 31. Na5 Qc8 32. axb5 axb5 33. Qa1 Nc4 34. Nab7
Rxa2 35. Qxa2 Qc6 36. Qa8+ Kh7 37. Qa7 Kg6 38. Qb8 Kg7 39. Nd8 Bxd8 40. Qxd8
Bc8 $11 41. f4 g4 42. Be1 Qa8 43. Nd7 Qa1 44. Qf8+ Kh7 45. Qxf7+ Kh8 46. Qf8+
Kh7 47. Nf6+ Kg6 48. Qg8# 1-0

[Event "Schach Nienberge 1 - SG Porz 2"]
[Site "NRW-Klasse - Gruppe 1 2018/20"]
[Date "2019.02.17"]
[Round "6.6"]
[White "Haas, Kai"]
[Black "Paulus, Jeffrey"]
[Result "1/2-1/2"]
[WhiteElo "1931"]
[BlackElo "1975"]
[PlyCount "29"]
[EventDate "2019.??.??"]
[WhiteTeam "Schach Nienberge 1"]
[BlackTeam "SG Porz 2"]

1. d3 d5 2. e4 dxe4 3. Nc3 Nf6 4. Bg5 Bg4 5. Qd2 exd3 6. Bxd3 Nbd7 7. f3 Bh5 8.
O-O-O e6 9. Nh3 Be7 10. Kb1 c6 11. Nf4 Bg6 12. Bc4 e5 13. Nxg6 hxg6 14. f4 O-O
15. Bxf6 1/2-1/2

[Event "Schach Nienberge 1 - SG Porz 2"]
[Site "NRW-Klasse - Gruppe 1 2018/20"]
[Date "2019.02.17"]
[Round "6.7"]
[White "Niesel, Tobias"]
[Black "Keller, Dirk"]
[Result "0-1"]
[WhiteElo "1925"]
[BlackElo "1892"]
[PlyCount "96"]
[EventDate "2019.??.??"]
[WhiteTeam "SG Porz 2"]
[BlackTeam "Schach Nienberge 1"]

1. c4 c6 2. g3 d5 3. Nf3 Nf6 4. Bg2 Bf5 5. Qb3 Qb6 6. d4 e6 7. c5 Qxb3 8. axb3
Nbd7 9. b4 a6 10. Nc3 Rc8 11. h3 h6 12. g4 Bh7 13. Bf4 Be7 14. Nd2 O-O 15. Nb3
Bd8 16. Bd6 Re8 17. Na5 Bxa5 18. Rxa5 e5 19. dxe5 Nxe5 20. O-O Nc4 21. Ra2 Nxd6
22. cxd6 Rcd8 23. b5 axb5 24. Ra7 Rb8 25. f4 d4 26. Na2 Be4 27. Rd1 Bxg2 28.
Kxg2 Rxe2+ 29. Kf3 Re3+ 30. Kg2 c5 31. b4 b6 32. Nc1 Rd8 33. g5 Ne4 34. f5 hxg5
35. Kh2 Rxd6 36. Ra8+ Kh7 37. Rf8 Rf6 38. bxc5 bxc5 39. Nd3 c4 40. Nc5 d3 41.
Nd7 Rxf5 42. h4 Nc3 43. Rh1 g4 44. Rc8 Rf2+ 45. Kg1 Nd1 46. Nf8+ Kh6 47. Rc6+
f6 48. h5 Re1# 0-1

[Event "Schach Nienberge 1 - SG Porz 2"]
[Site "NRW-Klasse - Gruppe 1 2018/20"]
[Date "2019.02.17"]
[Round "6.8"]
[White "Melkert, Tim"]
[Black "Wegener, Marcus"]
[Result "1-0"]
[WhiteElo "1912"]
[BlackElo "1977"]
[PlyCount "101"]
[EventDate "2019.??.??"]
[WhiteTeam "Schach Nienberge 1"]
[BlackTeam "SG Porz 2"]

1. e4 c5 2. Nf3 Nc6 3. Bb5 e5 4. O-O d6 5. h3 Bd7 6. Re1 h5 7. c3 g5 8. d4 g4
9. Ng5 f6 10. dxe5 fxg5 11. exd6 gxh3 12. Qd5 Qf6 13. Bxg5 Qxd6 14. Na3 Be7 15.
Qxd6 Bxd6 16. e5 Be7 17. Bf4 O-O-O 18. Rad1 hxg2 19. Nc4 Rf8 20. e6 Rxf4 21.
exd7+ Kd8 22. Bxc6 bxc6 23. Na5 Rf6 24. Nb7+ Kc7 25. Rxe7 Nxe7 26. d8=Q+ Rxd8
27. Nxd8 Nd5 28. Kxg2 Kxd8 29. c4 Rd6 30. cxd5 cxd5 31. Rh1 d4 32. Rxh5 c4 33.
Kf3 Kc7 34. Rc5+ Rc6 35. Rxc6+ Kxc6 36. Ke4 Kc5 37. f4 d3 38. Ke3 a5 39. b3 d2
40. Kxd2 cxb3 41. axb3 Kd4 42. Kc2 Ke4 43. Kb2 Kxf4 44. Ka3 Ke5 45. Ka4 Kd6 46.
Kxa5 Kc7 47. Ka6 Kb8 48. Kb6 Ka8 49. b4 Kb8 50. b5 Ka8 51. Kc7 1-0

[Event "LSV Turm Lippstadt 1 - SG Niederkassel "]
[Site "NRW-Klasse - Gruppe 1 2018/20"]
[Date "2019.02.17"]
[Round "6.1"]
[White "Grimm, Sascha"]
[Black "Wehmeier, Stefan"]
[Result "0-1"]
[WhiteElo "2322"]
[BlackElo "2301"]
[PlyCount "68"]
[EventDate "2019.??.??"]
[WhiteTeam "SG Niederkassel 1"]
[BlackTeam "LSV Turm Lippstadt 1"]

1. Nf3 d5 2. g3 Bg4 3. Bg2 Nd7 4. d3 e6 5. O-O Bd6 6. c4 c6 7. cxd5 exd5 8. e4
Ne7 9. h3 Bh5 10. Re1 dxe4 11. dxe4 Qc7 12. Qc2 Bxf3 13. Bxf3 Bxg3 14. Bg2 Be5
15. Nd2 Ng6 16. Nc4 O-O 17. Nxe5 Qxe5 18. Qd2 Rad8 19. f4 Qh5 20. Qe3 Nc5 21.
f5 Nd3 22. Rf1 Nge5 23. f6 Rd6 24. Qxa7 Qe2 25. Bg5 gxf6 26. Rxf6 Rxf6 27. Bxf6
Nf3+ 28. Bxf3 Qxf3 29. Rf1 Qg3+ 30. Kh1 Qxh3+ 31. Kg1 Qg4+ 32. Kh2 Qe2+ 33. Kg1
Qxe4 34. Qa5 Re8 0-1

[Event "LSV Turm Lippstadt 1 - SG Niederkassel "]
[Site "NRW-Klasse - Gruppe 1 2018/20"]
[Date "2019.02.17"]
[Round "6.2"]
[White "Wagner, Alexej"]
[Black "Wigger, Jochen"]
[Result "0-1"]
[WhiteElo "2235"]
[BlackElo "2234"]
[PlyCount "117"]
[EventDate "2019.??.??"]
[WhiteTeam "LSV Turm Lippstadt 1"]
[BlackTeam "SG Niederkassel 1"]

1. d4 d5 2. c4 Bf5 3. Nc3 e6 4. Nf3 c6 5. e3 Nd7 6. Bd3 Bg6 7. O-O Ngf6 8. Re1
Bb4 9. Bxg6 hxg6 10. Qb3 Bxc3 11. bxc3 Qc7 12. Rb1 Rb8 13. Ba3 Ne4 14. cxd5
cxd5 15. Qb4 Nb6 16. Qb5+ Kd8 17. Qa5 f6 18. Bc5 Nc8 19. Qxc7+ Kxc7 20. Rb3 g5
21. h3 Rd8 22. Rc1 b6 23. Ba3 b5 24. Rc2 a5 25. Ne1 a4 26. Rb1 Ncd6 27. Nd3 Nc4
28. Bb4 Kc6 29. Re1 f5 30. f3 Nf6 31. Nc5 Re8 32. e4 dxe4 33. fxe4 f4 34. Kf2
Ne3 35. Rce2 Nd7 36. Nxe6 Nf6 37. d5+ Kb7 38. Kf3 Rbc8 39. Nxg5 Rc4 40. Rd2
Nxe4 41. Nxe4 Rcxe4 42. Rd3 Kc7 43. Bc5 Rc4 44. Bxe3 fxe3 45. Rexe3 Rxe3+ 46.
Kxe3 Kd6 47. a3 Rc7 48. Kf4 Re7 49. g4 Re2 50. Rd1 Rh2 51. Rd3 Ra2 52. Ke4 Rxa3
53. Kd4 Ra1 54. Rd2 Rh1 55. Ke4 Rxh3 56. Rb2 Kc5 57. d6 Rh6 58. Rf2 Rxd6 59.
Rf7 0-1

[Event "LSV Turm Lippstadt 1 - SG Niederkassel "]
[Site "NRW-Klasse - Gruppe 1 2018/20"]
[Date "2019.02.17"]
[Round "6.3"]
[White "Schienmann, Bruno"]
[Black "Hecht, Carsten"]
[Result "1/2-1/2"]
[WhiteElo "2234"]
[BlackElo "2247"]
[PlyCount "71"]
[EventDate "2019.??.??"]
[WhiteTeam "SG Niederkassel 1"]
[BlackTeam "LSV Turm Lippstadt 1"]

1. d4 Nf6 2. c4 g6 3. Nc3 d5 4. cxd5 Nxd5 5. g3 Bg7 6. Bg2 Nxc3 7. bxc3 c5 8.
e3 Qa5 9. Bd2 O-O 10. Ne2 Qa6 11. O-O Nc6 12. Nc1 cxd4 13. cxd4 Bd7 14. Nb3 b6
15. f4 Rac8 16. Rf2 Rc7 17. Rc1 Rfc8 18. d5 Nd8 19. Rxc7 Rxc7 20. Bb4 Ba4 21.
Rc2 Qc8 22. Rxc7 Qxc7 23. e4 a5 24. Ba3 Bc3 25. Qd3 Bb4 26. Bb2 Bxb3 27. axb3
Qc5+ 28. Kh1 Ba3 29. Bc3 Bb4 30. Bd4 Qc1+ 31. Bf1 Bc5 32. Bc3 Nb7 33. Kg2 Nd6
34. Be5 f6 35. Bxd6 Bxd6 36. Qc4 1/2-1/2

[Event "LSV Turm Lippstadt 1 - SG Niederkassel "]
[Site "NRW-Klasse - Gruppe 1 2018/20"]
[Date "2019.02.17"]
[Round "6.5"]
[White "Rybarczyk, Klaus"]
[Black "Grobbel, Rainer"]
[Result "1/2-1/2"]
[WhiteElo "2158"]
[BlackElo "2127"]
[PlyCount "201"]
[EventDate "2019.??.??"]
[WhiteTeam "SG Niederkassel 1"]
[BlackTeam "LSV Turm Lippstadt 1"]

1. Nf3 Nf6 2. c4 c5 3. Nc3 g6 4. e3 Bg7 5. d4 cxd4 6. exd4 O-O 7. Bg5 d6 8. Be2
Bf5 9. O-O h6 10. Bh4 Nbd7 11. h3 g5 12. Bg3 Qb6 13. Na4 Qa5 14. a3 Ne4 15. b4
Qd8 16. Bh2 Nb6 17. Rc1 Qd7 18. Nc3 Rac8 19. Re1 Nxc3 20. Rxc3 Nd5 21. Rc1 Nf6
22. d5 b5 23. Nd4 bxc4 24. Bxc4 Be4 25. Nc6 Rxc6 26. dxc6 Bxc6 27. Qc2 Bb7 28.
Qe2 e5 29. Red1 Qe7 30. Ba6 Ba8 31. Rd2 Nd5 32. Rdc2 Nf4 33. Bxf4 gxf4 34. f3
d5 35. Rc8 e4 36. fxe4 dxe4 37. Rxf8+ Bxf8 38. Qg4+ Qg5 39. Rc7 Bd5 40. Rxa7 f3
41. gxf3 exf3 42. Rd7 Be6 43. Qxg5+ hxg5 44. Rd3 Bxh3 45. Rxf3 Be6 46. Bd3 Kg7
47. Bf5 Bd5 48. Rd3 Bc4 49. Rc3 Bd5 50. b5 Kf6 51. Bc8 Ke5 52. a4 Kd4 53. Rc1
Ba3 54. Rd1+ Kc4 55. Kh2 Bc5 56. Kg3 Be4 57. Bd7 Kb4 58. Rc1 f5 59. Bc6 Bd6+
60. Kf2 Bf4 61. Ra1 Be5 62. Rd1 Bc2 63. Rd5 Bc7 64. Ke2 Bb6 65. Kd2 Bxa4 66.
Rxf5 Bc5 67. Rxg5 Bxb5 68. Bd5 Bd6 69. Ke3 Be7 70. Rg7 Bd6 71. Ke4 Kc5 72. Rg2
Ba4 73. Ra2 Be8 74. Rc2+ Kb6 75. Rc8 Bd7 76. Rc1 Bc5 77. Rb1+ Kc7 78. Ke5 Bc6
79. Rc1 Kb6 80. Bxc6 Kxc6 81. Ke6 Kb6 82. Kd5 Be3 83. Rc6+ Kb7 84. Rc3 Bf2 85.
Kd6 Bg1 86. Rb3+ Ka8 87. Kc6 Bf2 88. Kc7 Bg1 89. Rb2 Be3 90. Ra2+ Ba7 91. Kc6
Kb8 92. Rb2+ Ka8 93. Re2 Bb8 94. Kb6 Bf4 95. Re8+ Bb8 96. Kc6 Ka7 97. Re7+ Ka8
98. Re8 Ka7 99. Re4 Ka8 100. Ra4+ Ba7 101. Rxa7+ 1/2-1/2

[Event "LSV Turm Lippstadt 1 - SG Niederkassel "]
[Site "NRW-Klasse - Gruppe 1 2018/20"]
[Date "2019.02.17"]
[Round "6.7"]
[White "Broehl, Stephan"]
[Black "Fecke, Andreas"]
[Result "0-1"]
[WhiteElo "2087"]
[BlackElo "2058"]
[PlyCount "64"]
[EventDate "2019.??.??"]
[WhiteTeam "SG Niederkassel 1"]
[BlackTeam "LSV Turm Lippstadt 1"]

1. e4 e5 2. Nf3 d6 3. d4 exd4 4. Nxd4 Nf6 5. Nc3 Be7 6. g3 O-O 7. Bg2 c5 8.
Nde2 Nc6 9. h3 a6 10. a4 Bd7 11. O-O Nb4 12. g4 Bc6 13. Ng3 Re8 14. Bf4 Bf8 15.
g5 Nd7 16. Nd5 Bxd5 17. exd5 a5 18. c3 Na6 19. Re1 Qb6 20. Qg4 Rxe1+ 21. Rxe1
Rd8 22. Re2 Nc7 23. Nf5 Ne5 24. Bxe5 dxe5 25. Rxe5 Qxb2 26. Nh6+ gxh6 27. gxh6+
Kh8 28. Qg5 Rd6 29. Re7 Qxc3 30. Rxc7 Qe1+ 31. Kh2 Rg6 32. Qe3 Qxe3 0-1

[Event "LSV Turm Lippstadt 1 - SG Niederkassel "]
[Site "NRW-Klasse - Gruppe 1 2018/20"]
[Date "2019.02.17"]
[Round "6.8"]
[White "Besou, Hussain"]
[Black "Freundlieb, Thomas"]
[Result "0-1"]
[WhiteElo "1668"]
[BlackElo "2043"]
[PlyCount "90"]
[EventDate "2019.??.??"]
[WhiteTeam "LSV Turm Lippstadt 1"]
[BlackTeam "SG Niederkassel 1"]

1. e4 d6 2. d4 Nf6 3. Nc3 e5 4. dxe5 dxe5 5. Qxd8+ Kxd8 6. Bc4 Be6 7. Bxe6 fxe6
8. Nf3 Bd6 9. h3 Nc6 10. Bg5 Ke7 11. O-O-O a6 12. a3 b5 13. Rd2 Rhb8 14. Rhd1
a5 15. Bxf6+ gxf6 16. Ne2 a4 17. c3 Na5 18. Kb1 Rd8 19. Nc1 Nc4 20. Re2 Rd7 21.
Nh2 Rad8 22. Nf1 Bc5 23. Rxd7+ Rxd7 24. Kc2 Bb6 25. Nd3 c5 26. g3 Rd8 27. f4
exf4 28. gxf4 Rg8 29. Nd2 Na5 30. f5 e5 31. Nf1 Nc4 32. Nd2 Nd6 33. Nf1 Nc4 34.
Nd2 Nxd2 35. Rxd2 Rg3 36. Rh2 h5 37. Kd2 Kd7 38. Ne1 c4 39. Nc2 Bc5 40. Nb4
Bxb4 41. axb4 h4 42. Ke2 a3 43. Kd2 axb2 44. Rh1 Rg2+ 45. Ke3 Rc2 0-1

[Event "Oberhausener SV 1 - SV Letmathe 1"]
[Site "NRW-Klasse - Gruppe 1 2018/20"]
[Date "2019.02.17"]
[Round "6.1"]
[White "Kolosowski, Mateusz"]
[Black "Hort, Vlastimil"]
[Result "1-0"]
[WhiteElo "2441"]
[BlackElo "2366"]
[PlyCount "75"]
[EventDate "2019.??.??"]
[WhiteTeam "SV Letmathe 1"]
[BlackTeam "Oberhausener SV 1"]

1. d4 Nf6 2. c4 e6 3. g3 c5 4. d5 exd5 5. cxd5 d6 6. Nc3 g6 7. Bg2 Bg7 8. Nf3
O-O 9. O-O Na6 10. h3 Nc7 11. e4 Nd7 12. Bg5 f6 13. Bf4 Ne5 14. Nxe5 fxe5 15.
Be3 b5 16. a3 Bd7 17. Qd2 Rf7 18. b4 c4 19. Ra2 Ne8 20. a4 a6 21. axb5 Bxb5 22.
Nxb5 axb5 23. Rfa1 Rxa2 24. Qxa2 Qb8 25. h4 Rb7 26. Bh3 h5 27. Qd2 Kh7 28. Ra6
Nf6 29. f3 Nd7 30. Rc6 Bf8 31. g4 hxg4 32. Bxg4 Qe8 33. Be6 Be7 34. Qg2 Qf8 35.
h5 gxh5 36. Qh3 Qe8 37. Rc8 Qg6+ 38. Kf1 1-0

[Event "Oberhausener SV 1 - SV Letmathe 1"]
[Site "NRW-Klasse - Gruppe 1 2018/20"]
[Date "2019.02.17"]
[Round "6.2"]
[White "Becker, Marcel"]
[Black "Podzielny, Karl-Heinz"]
[Result "1-0"]
[WhiteElo "2268"]
[BlackElo "2351"]
[PlyCount "133"]
[EventDate "2019.??.??"]
[WhiteTeam "Oberhausener SV 1"]
[BlackTeam "SV Letmathe 1"]

1. d4 Nf6 2. c4 c5 3. d5 g6 4. Nc3 Bg7 5. e4 d6 6. Bd3 O-O 7. h3 a6 8. a4 e6 9.
Nf3 Re8 10. Be3 Nbd7 11. O-O Rb8 12. a5 exd5 13. exd5 Nh5 14. g4 Nhf6 15. Kg2
Ne5 16. Nxe5 Rxe5 17. Bf4 Re8 18. Qd2 b5 19. axb6 Rxb6 20. Rab1 Nd7 21. b3 Ne5
22. Bc2 h5 23. f3 Bd7 24. Ne4 Rf8 25. gxh5 Qh4 26. Rh1 Qxh5 27. Rbf1 f5 28. Ng5
Qh4 29. Bg3 Qd4 30. Qxd4 cxd4 31. f4 d3 32. Bd1 Nf7 33. Nxf7 Kxf7 34. Rf3 Rc8
35. Be1 Bd4 36. Rxd3 Bc5 37. h4 Rg8 38. Kf3 Rbb8 39. Rh2 Rbe8 40. Bf2 Bxf2 41.
Rxf2 Rh8 42. Kg3 Re1 43. Bf3 Rg1+ 44. Bg2 Rb8 45. Rf1 Rxf1 46. Bxf1 a5 47. Be2
Rb4 48. Re3 Kf6 49. Kf2 Rb8 50. h5 gxh5 51. Bxh5 Rh8 52. Bf3 Rb8 53. Be2 Rh8
54. Rg3 Rh2+ 55. Ke3 Rh8 56. Kd4 Rh4 57. Rf3 Be8 58. Rf2 Rh3 59. Bf3 Rh4 60.
Bd1 Rh3 61. c5 dxc5+ 62. Kxc5 Bf7 63. Rd2 Ke7 64. Bc2 Rf3 65. Rd4 Kd8 66. Kd6
Be8 67. Rc4 1-0

[Event "Oberhausener SV 1 - SV Letmathe 1"]
[Site "NRW-Klasse - Gruppe 1 2018/20"]
[Date "2019.02.17"]
[Round "6.3"]
[White "Cukrowski, Filip"]
[Black "Nissen, Claus"]
[Result "1-0"]
[WhiteElo "2409"]
[BlackElo "2132"]
[PlyCount "113"]
[EventDate "2019.??.??"]
[WhiteTeam "SV Letmathe 1"]
[BlackTeam "Oberhausener SV 1"]

1. e4 e6 2. d4 d5 3. Nd2 Nf6 4. e5 Nfd7 5. Bd3 c5 6. c3 cxd4 7. cxd4 Nc6 8. Ne2
f6 9. exf6 Nxf6 10. Nf3 Bd6 11. O-O O-O 12. Bf4 Bxf4 13. Nxf4 Qd6 14. g3 e5 15.
dxe5 Nxe5 16. Nxe5 Qxe5 17. Qb3 Bd7 18. Rfe1 Qd6 19. Rad1 Bc6 20. Re6 Qc5 21.
Qc2 Qxc2 22. Bxc2 g5 23. Nd3 Ne4 24. Ne5 Rae8 25. Rxe8 Rxe8 26. Nf3 h6 27. Nd4
Nd6 28. Bd3 Bd7 29. b3 Kf7 30. f3 Kf6 31. Kf2 a6 32. Nc2 a5 33. Bf1 Rc8 34. Ne3
Nf5 35. Nxd5+ Ke5 36. f4+ gxf4 37. gxf4+ Ke6 38. Ne3 Nxe3 39. Kxe3 Rc3+ 40. Rd3
Rxd3+ 41. Bxd3 b6 42. Kd4 Be8 43. f5+ Kf6 44. Kd5 a4 45. bxa4 Bxa4 46. a3 h5
47. Kd6 h4 48. Kc7 b5 49. Kb6 h3 50. Kc5 Ke5 51. Bb1 Kf6 52. Be4 Ke5 53. Bd3
Kf6 54. Kd4 Bb3 55. Ke4 Ba4 56. Kf4 Bb3 57. Bxb5 1-0

[Event "Oberhausener SV 1 - SV Letmathe 1"]
[Site "NRW-Klasse - Gruppe 1 2018/20"]
[Date "2019.02.17"]
[Round "6.4"]
[White "Matzat, Andre"]
[Black "Adamski, Jan"]
[Result "1/2-1/2"]
[WhiteElo "1978"]
[BlackElo "2207"]
[PlyCount "32"]
[EventDate "2019.??.??"]
[WhiteTeam "Oberhausener SV 1"]
[BlackTeam "SV Letmathe 1"]

1. d4 Nf6 2. Bf4 e6 3. e3 c5 4. Nf3 b6 5. Nbd2 Be7 6. h3 O-O 7. Bd3 Ba6 8. Bxa6
Nxa6 9. O-O Qc8 10. c3 d6 11. Qe2 Rd8 12. Rfc1 Qb7 13. a3 Rac8 14. Bg3 Nb8 15.
b4 cxd4 16. cxd4 b5 1/2-1/2

[Event "Oberhausener SV 1 - SV Letmathe 1"]
[Site "NRW-Klasse - Gruppe 1 2018/20"]
[Date "2019.02.17"]
[Round "6.5"]
[White "Schleining, Zoya"]
[Black "Voge, Andreas"]
[Result "0-1"]
[WhiteElo "2327"]
[BlackElo "2023"]
[PlyCount "72"]
[EventDate "2019.??.??"]
[WhiteTeam "SV Letmathe 1"]
[BlackTeam "Oberhausener SV 1"]

1. d4 d5 2. c4 e6 3. Nf3 Nf6 4. Nc3 c5 5. cxd5 exd5 6. Bg5 Be6 7. g3 Nc6 8. Bg2
Be7 9. O-O h6 10. Bxf6 Bxf6 11. dxc5 Bxc3 12. bxc3 Qa5 13. Rb1 Qxc3 14. Rxb7
O-O 15. Qc1 Qa5 16. Qc2 Rac8 17. Rfb1 d4 18. a4 Rfe8 19. R7b5 Qd8 20. Rd1 Qf6
21. Rd2 g5 22. Qb2 Bc4 23. Rb7 Ba6 24. Rb5 Bxb5 25. axb5 Ne5 26. c6 d3 27. Nxe5
Qxe5 28. exd3 Rb8 29. Qxe5 Rxe5 30. Rb2 Rexb5 31. Ra2 Rb1+ 32. Bf1 Rc1 33. Kg2
Rxc6 34. Rxa7 Rb2 35. d4 Rcc2 36. Kh3 Rxf2 0-1

[Event "Oberhausener SV 1 - SV Letmathe 1"]
[Site "NRW-Klasse - Gruppe 1 2018/20"]
[Date "2019.02.17"]
[Round "6.6"]
[White "Limberg, Matthias"]
[Black "Soukup, Jiri"]
[Result "1/2-1/2"]
[WhiteElo "2050"]
[BlackElo "2344"]
[PlyCount "48"]
[EventDate "2019.??.??"]
[WhiteTeam "Oberhausener SV 1"]
[BlackTeam "SV Letmathe 1"]

1. d4 f5 2. Bf4 Nf6 3. e3 e6 4. Nd2 Be7 5. Be2 O-O 6. h3 d6 7. Ngf3 Bd7 8. c3
Nc6 9. Qb3 Qc8 10. Rg1 a5 11. a4 Be8 12. Bc4 Nd8 13. g4 fxg4 14. hxg4 c5 15.
dxc5 d5 16. Bd3 Qxc5 17. Rh1 g6 18. Bh6 Nxg4 19. Bxf8 Bxf8 20. Ke2 Bg7 21. Rag1
Nh6 22. Ng5 Qe7 23. Ndf3 Nc6 24. Rg2 Rc8 1/2-1/2

[Event "Oberhausener SV 1 - SV Letmathe 1"]
[Site "NRW-Klasse - Gruppe 1 2018/20"]
[Date "2019.02.17"]
[Round "6.7"]
[White "Gruermann, Martin"]
[Black "Krueger, André"]
[Result "1/2-1/2"]
[WhiteElo "2208"]
[BlackElo "1946"]
[PlyCount "75"]
[EventDate "2019.??.??"]
[WhiteTeam "SV Letmathe 1"]
[BlackTeam "Oberhausener SV 1"]

1. e4 c5 2. Nf3 Nc6 3. Bb5 g6 4. Bxc6 dxc6 5. d3 Bg7 6. O-O Nf6 7. Bd2 Bg4 8.
Bc3 O-O 9. Nbd2 Nd7 10. Bxg7 Kxg7 11. h3 Bxf3 12. Qxf3 e5 13. Qe3 Qe7 14. f4 f6
15. fxe5 Qxe5 16. c3 Rae8 17. Rf2 Qe6 18. b3 b6 19. Raf1 Re7 20. d4 cxd4 21.
cxd4 c5 22. dxc5 Nxc5 23. Qc3 Qe5 24. Qc2 Qd4 25. Kh1 Nxe4 26. Nxe4 Qxe4 27.
Qc3 Qe5 28. Qc6 Rff7 29. Rd2 Rc7 30. Qa8 Rf8 31. Qf3 Re8 32. Rfd1 Rce7 33. Rd7
Rxd7 34. Rxd7+ Re7 35. Qb7 Qe1+ 36. Kh2 Qe5+ 37. Kh1 Qe1+ 38. Kh2 1/2-1/2

[Event "Oberhausener SV 1 - SV Letmathe 1"]
[Site "NRW-Klasse - Gruppe 1 2018/20"]
[Date "2019.02.17"]
[Round "6.8"]
[White "Joergens, Markus"]
[Black "Hunold, Rolf"]
[Result "1/2-1/2"]
[WhiteElo "1984"]
[BlackElo "1965"]
[PlyCount "132"]
[EventDate "2019.??.??"]
[WhiteTeam "Oberhausener SV 1"]
[BlackTeam "SV Letmathe 1"]

1. d4 Nf6 2. c4 e6 3. g3 d5 4. Nf3 Be7 5. Bg2 O-O 6. O-O Nbd7 7. Qc2 c6 8. Nbd2
Bd6 9. e4 dxe4 10. Nxe4 Nxe4 11. Qxe4 Re8 12. Bf4 Nf6 13. Qe3 Be7 14. Qe2 a5
15. Rfd1 Qb6 16. Ne5 Bf8 17. c5 Qa6 18. Qxa6 Rxa6 19. Bf1 Ra8 20. Nc4 Nd5 21.
Bd6 Bxd6 22. Nxd6 Rd8 23. Nc4 Bd7 24. Bg2 Nc7 25. b3 Be8 26. Nd6 Ra7 27. a3 Nb5
28. Nxb5 cxb5 29. d5 exd5 30. Bxd5 Kf8 31. Be4 Rc8 32. Rac1 Bc6 33. Bxc6 bxc6
34. Rd6 a4 35. b4 Re7 36. Kf1 g6 37. Rcd1 Rec7 38. f3 h5 39. Kf2 Ke7 40. R1d4
Kf8 41. Ke3 Re8+ 42. Re4 Rxe4+ 43. fxe4 Ke7 44. Kf4 Kf8 45. e5 Kg7 46. h3 Kf8
47. Kg5 Kg7 48. Kf4 Kf8 49. e6 f6 50. g4 hxg4 51. hxg4 Ke7 52. g5 Rc8 53. gxf6+
Kxf6 54. e7+ Kxe7 55. Rxg6 Kd7 56. Kf5 Re8 57. Rg7+ Kc8 58. Rg6 Kc7 59. Re6 Rh8
60. Re7+ Kd8 61. Rf7 Re8 62. Rf6 Kd7 63. Rd6+ Kc7 64. Re6 Rh8 65. Re7+ Kd8 66.
Rf7 Re8 1/2-1/2

[Event "SV Letmathe 1 - Krefelder SK Turm 1"]
[Site "NRW-Klasse - Gruppe 1 2018/20"]
[Date "2019.03.17"]
[Round "7.1"]
[White "Kistella, Roman"]
[Black "Kolosowski, Mateusz"]
[Result "0-1"]
[WhiteElo "2223"]
[BlackElo "2441"]
[PlyCount "66"]
[EventDate "2019.??.??"]
[WhiteTeam "Krefelder SK Turm 1"]
[BlackTeam "SV Letmathe 1"]

1. d4 Nf6 2. c4 g6 3. Nc3 d5 4. cxd5 Nxd5 5. e4 Nxc3 6. bxc3 Bg7 7. Nf3 c5 8.
Be3 O-O 9. Be2 Qa5 10. O-O Rd8 11. Qb3 e6 12. Rfd1 Bd7 13. Qxb7 Bc6 14. Qe7 Nd7
15. Ng5 Rf8 16. Bc4 Ba4 17. Bxe6 fxe6 18. Qxe6+ Kh8 19. Qh3 h5 20. e5 Bxd1 21.
Rxd1 cxd4 22. cxd4 Qa4 23. Rf1 Nb6 24. g4 Qc2 25. Rc1 Qd3 26. gxh5 gxh5 27.
Qxh5+ Kg8 28. Rc7 Qb1+ 29. Kg2 Qf5 30. Rc6 Nd5 31. Rg6 Nxe3+ 32. fxe3 Qf2+ 33.
Kh3 Qxe3+ 0-1